000 00926nam a2200301 a 4500
001 25569
003 CO-ViMGA
008 141112s2004 ck r 000 u spa d
020 _a9789587583670
040 _aCO-ViMGA
_bspa
_cCO-ViMGA
041 _aSPA
090 _aN BAL9
100 1 _aBallesteros Capasso, Humberto, 1979 -
_939094
245 1 0 _aRazones para destruir una ciudad /
_cHumberto Ballesteros Capasso
250 _a1a ed.
260 _aBogotá :
_bAlfaguara,
_c2012
300 _a159 p.
650 1 4 _aADOLESCENTES - NOVELA
_939095
650 1 4 _aAUTORES COLOMBIANOS
_932
650 1 4 _aDEMENCIA - NOVELA
_939096
650 1 4 _aDESDE LOS 15 AÑOS
_91079
650 1 4 _aIMAGINACION - NOVELA
_939097
650 1 4 _aLITERATURA COLOMBIANA
_91068
650 1 4 _aNOVELA COLOMBIANA - SIGLO XXI
_92137
650 1 4 _aPROBLEMAS FAMILIARES - NOVELA
_939098
650 1 4 _aVIDA COTIDIANA - NOVELA
942 _2ddc
_cBK
999 _c5143
_d5143